Word Ladder: Robert Rodriguez Movie Quiz Stats

Quiz Updated Mar 23, 2015

Challenge
Share
Tweet
Embed
Score 0/21 Timer 01:30
0 Plays Today
Hint 4-Letter Word % Correct
Device for securing a door when closedLOCK
95.3%
Twilight, when day turns into night▼DUSK▼
94.9%
To use ones eyesLOOK
94.8%
To bend down to avoid getting hitDUCK
94.4%
An elephant's long toothTUSK
94.3%
FortuneLUCK
92.9%
Chat; converseTALK
92.9%
Of great heightTALL
91.5%
Assignment; work dutyTASK
90.4%
Medicinal tabletPILL
86.8%
To plow▼TILL▼
84.9%
Hint 4-Letter Word % Correct
A bucketPAIL
84.5%
Airplane maneuver, making a circleLOOP
84.2%
Daybreak; morning▼DAWN▼
83.2%
Physical hurt PAIN
82.2%
Expendable piece in chessPAWN
81.7%
Cloth covering a coffinPALL
80.9%
Formal dancePROM
80.6%
A deck on a boatPOOP
77.5%
To support or prevent from fallingPROP
77.3%
Used as starting point of movement▼FROM▼
61.8%

Today's Daily Dose

Missing Word
For Dummies Books

Word Ladder
Ariana Grande

Quick Pick
1970s Authors

On This Day
June 21st II

You're not logged in!

Compare scores with friends on all Sporcle quizzes.
Join for Free
OR
Log In

You Might Also Like...

Show Comments

Extras

Top Quizzes Today


Score Distribution

Your Account Isn't Verified!

In order to create a playlist on Sporcle, you need to verify the email address you used during registration. Go to your Sporcle Settings to finish the process.

Report this User

Report this user for behavior that violates our Community Guidelines.

Details: